00672nam a22001937a 4500010001300000020001500013035001300028037001800041040001200059082001600071100002500087245011600112260006300228270005700291300002200348650005100370650003000421650002700451 aA-752971 a8170583195 aA-752971 bCen Lib / Ret aDPLbEn a808.88bAUR aSri Aurobindo Ashram aThe eternal wisdom :bcentral sayings of great sages of all times /cby Sri Aruobindo Ashram Pondicharry, India aPondicharrybSri Aruobindo Ashram Pondicharry, Indiac1993 aSri Aruobindo Ashram Pondicharry, IndiabPondicharry a18+588pc22cm(Hb) aMysticism -- History -- Middle Ages, 600-1500. aMysticism -- Middle Ages. aRELIGION -- Mysticism.